Pokémon - 7ème génération - Statistiques

Statistiques générales
  • Ce quiz a été pris 179 fois
    166 depuis la dernière actualisation
  • Le résultat moyen est 66 sur 85
Statistiques - réponses
PokéDex Pokémon % Correct
722 Brindibou
98%
725 Flamiaou
98%
724 Archéduc
97%
727 Félinferno
97%
792 Lunala
97%
728 Otaquin
97%
791 Solgaleo
97%
730 Oratoria
96%
726 Matoufeu
95%
723 Efflèche
93%
800 Necrozma
92%
798 Katagami
91%
729 Otarlette
91%
789 Cosmog
87%
794 Mouscoto
87%
733 Bazoucan
86%
799 Engloutyran
86%
737 Chrysapile
85%
784 Ékaïser
85%
734 Manglouton
85%
788 Tokopisco
85%
785 Tokorico
85%
787 Tokotoro
85%
793 Zéroïd
85%
797 Bamboiselle
84%
796 Câblifère
84%
745 Lougaroc
84%
778 Mimiqui
83%
731 Picassaut
83%
786 Tokopiyon
83%
735 Argouste
82%
790 Cosmovum
82%
738 Lucanon
82%
744 Rocabot
82%
795 Cancrelove
81%
746 Froussardine
80%
763 Sucreine
80%
782 Bébécaille
79%
732 Piclairon
79%
750 Bourrinos
78%
783 Écaïd
78%
736 Larvibule
77%
758 Malamandre
77%
777 Togedemaru
77%
802 Marshadow
76%
749 Tiboudet
75%
754 Floramantis
74%
801 Magearna
74%
757 Tritox
74%
760 Chelours
73%
761 Croquine
73%
768 Sarmuraï
73%
767 Sovkipou
73%
803 Vémini
73%
805 Ama-Ama
72%
804 Mandrillon
72%
759 Nounourson
72%
779 Denticrisse
71%
765 Gouroutan
71%
753 Mimantis
71%
806 Pierroteknik
71%
772 Type:0
69%
741 Plumeline
68%
752 Tarenbulle
68%
762 Candine
67%
770 Trépassable
67%
769 Bacabouh
66%
740 Crabominable
66%
773 Silvallié
66%
751 Araqua
65%
742 Bombydou
65%
776 Boumata
65%
739 Crabagarre
65%
764 Guérilande
65%
774 Météno
65%
743 Rubombelle
65%
780 Draïeul
64%
748 Prédastérie
63%
766 Quartermac
63%
747 Vorastérie
62%
781 Sinistrail
61%
771 Concombaffe
59%
775 Dodoala
56%
756 Lampignon
54%
755 Spododo
53%
Aucun quiz correspondant
Distribution des résultats
% des personnes avec chaque résultat
Percentile par nombre de réponses
Votre historique - résultats
Vous n’avez pas pris ce quiz depuis la dernière actualisation